|
|
|
|
| LEADER |
02974nam a2200421 a 4500 |
| 001 |
EBC3117829 |
| 003 |
MiAaPQ |
| 005 |
20200520144314.0 |
| 006 |
m o d | |
| 007 |
cr cn||||||||| |
| 008 |
070126s2007 nyu sb 001 0 eng d |
| 010 |
|
|
|z 2007003763
|
| 020 |
|
|
|z 9780895033345 (cloth : alk. paper)
|
| 020 |
|
|
|a 9780895036940 (electronic bk.)
|
| 035 |
|
|
|a (MiAaPQ)EBC3117829
|
| 035 |
|
|
|a (Au-PeEL)EBL3117829
|
| 035 |
|
|
|a (CaPaEBR)ebr10613412
|
| 035 |
|
|
|a (CaONFJC)MIL997553
|
| 035 |
|
|
|a (OCoLC)922967786
|
| 040 |
|
|
|a MiAaPQ
|c MiAaPQ
|d MiAaPQ
|
| 050 |
|
4 |
|a HD2365
|b .O98 2007
|
| 082 |
0 |
4 |
|a 658.4/058
|2 22
|
| 245 |
0 |
0 |
|a Outsourcing technical communication
|h [electronic resource] :
|b issues, policies, and practices /
|c edited by Barry Thatcher and Carlos Evia.
|
| 260 |
|
|
|a Amityville, N.Y. :
|b Baywood Pub. Co.,
|c 2007.
|
| 300 |
|
|
|a v, 235 p.
|
| 490 |
1 |
|
|a Baywood's technical communications series
|
| 504 |
|
|
|a Includes bibliographical references and index.
|
| 505 |
0 |
|
|a Technical communication and IT oursourcing in India : past, present, and future / Prashant Natarajan and Makarand Pandit -- Defining technical communication in the United States and India : a contrastive analysis of established curricula and desired abilities / Carlos Evia -- Africa goes for outsourcing / Michael Jarvis, Kwadzo Bokor -- Outsourcing of technical communication tasks from German-speaking contexts / Petra Drewer and Charlotte Kaempf -- Approaching outsourcing in rhetoric and professional communication : lessons from U.S.-owned maquilas in Mexico / Barry Thatcher and Victoriano Garza-Almanza -- The information developer's dilemma / Joann Hackos and William Hackos, Jr. -- Language, culture, and collaboration in offshore outsourcing : a case study of international training team communication competencies / Jim Melton -- The implications of outsourcing for technical editing / Clint Lanier -- The privacy problems related to international outsourcing : a perspective for technical communicators / Kirk St. Amant -- Outsourcing technical communication : the policy behind the practice / Keith Gibson -- Obligations and opportunities : legal issues in offshore outsourcing technical communication / Charlsye Smith Diaz -- Conclusion : personal reflection on developing a viable trajectory for outsourcing technical communications / Barry Thatcher.
|
| 533 |
|
|
|a Electronic reproduction. Ann Arbor, MI : ProQuest, 2015. Available via World Wide Web. Access may be limited to ProQuest affiliated libraries.
|
| 650 |
|
0 |
|a Contracting out.
|
| 650 |
|
0 |
|a Information technology
|x Management.
|
| 650 |
|
0 |
|a Business
|x Communication systems.
|
| 655 |
|
4 |
|a Electronic books.
|
| 700 |
1 |
|
|a Thatcher, Barry,
|d 1964-
|
| 700 |
1 |
|
|a Evia, Carlos,
|d 1971-
|
| 710 |
2 |
|
|a ProQuest (Firm)
|
| 830 |
|
0 |
|a Baywood's technical communications series (Unnumbered)
|
| 856 |
4 |
0 |
|u https://ebookcentral.proquest.com/lib/matrademy/detail.action?docID=3117829
|z Click to View
|